UEFA EURO 2020 Goalscorers - Statistics

General Stats
  • This quiz has been taken 43 times
  • The average score is 55 of 80
Answer Stats
Player % Correct
Harry Kane
97%
Karim Benzema
97%
Raheem Sterling
97%
Jordan Henderson
95%
Luke Shaw
95%
Romelu Lukaku
95%
Álvaro Morata
92%
Cristiano Ronaldo
92%
Kai Havertz
92%
Kevin De Bruyne
92%
Paul Pogba
92%
Andreas Christensen
89%
Harry Maguire
89%
Robert Lewandowski
89%
Thorgan Hazard
89%
Ciro Immobile
86%
Diogo Jota
86%
Federico Chiesa
86%
Leonardo Bonucci
86%
Lorenzo Insigne
86%
Aaron Ramsey
84%
Antoine Griezmann
84%
Ivan Perišić
84%
Memphis Depay
84%
Oleksandr Zinchenko
84%
Patrik Schick
84%
Xherdan Shaqiri
84%
Georginio Wijnaldum
81%
Leon Goretzka
81%
Robin Gosens
81%
Emil Forsberg
78%
Goran Pandev
78%
Kasper Dolberg
78%
Andriy Yarmolenko
76%
Manuel Locatelli
76%
Martin Braithwaite
76%
Mikkel Damsgaard
73%
Thomas Meunier
73%
Yussuf Poulsen
73%
César Azpilicueta
70%
Ferran Torres
70%
Milan Škriniar
70%
Raphaël Guerreiro
70%
Marko Arnautović
68%
Mikel Oyarzabal
68%
Mislav Oršić
68%
Nicolò Barella
68%
Luka Modrić
65%
Thomas Delaney
65%
Wout Weghorst
65%
Haris Seferović
62%
Joakim Mæhle
62%
Mario Pašalić
62%
Ádám Szalai
59%
Ezgjan Alioski
59%
Pablo Sarabia
59%
Artem Dzyuba
57%
Aymeric Laporte
57%
Breel Embolo
57%
Denzel Dumfries
57%
Matteo Pessina
57%
Nikola Vlašić
54%
Roman Yaremchuk
54%
Karol Linetty
51%
Aleksei Miranchuk
49%
Joel Pohjanpalo
49%
Saša Kalajdžić
49%
Stefan Lainer
49%
Callum McGregor
46%
Connor Roberts
43%
Kieffer Moore
43%
Mario Gavranović
43%
Attila Fiola
41%
Christoph Baumgartner
38%
Michael Gregoritsch
38%
Tomáš Holeš
38%
András Schäfer
30%
Artem Dovbyk
30%
İrfan Kahveci
30%
Viktor Claesson
30%
No matching quizzes found
Score Distribution
Percent of People with Each Score
Percentile by Number Answered
Your Score History
You have not taken this quiz